| 000 | 00765nam a2200253#a 4500 | ||
|---|---|---|---|
| 001 | 02034 | ||
| 003 | HDC | ||
| 007 | ta | ||
| 008 | 230623s2011 xx 000 0 eng d | ||
| 020 | _a2289-196X (pbk) | ||
| 040 | _aHDC | ||
| 050 |
_akpkk DS591 _b.K46 2011 |
||
| 110 | _aKementerian Penerangan, Komunikasi dan Kebudayaan" | ||
| 245 | 0 |
_aLaporan tahunan 2011 : _bJabatan Muzium Malaysia / _cKementerian Penerangan, Komunikasi dan Kebudayaan. |
|
| 264 |
_aKuala Lumpur : _bJabatan Muzium Malaysia, _c2011. |
||
| 300 |
_a110p. : _b col. ill. ; _c 26cm. |
||
| 650 |
_aMalaysia _xMuseums _vPeriodicals. |
||
| 650 |
_aMuseums _vPeriodicals. |
||
| 710 | _aJabatan Muzium Malaysia. | ||
| 942 | _2lcc | ||
| 942 | _cBK | ||
| 942 | _kkpkk DS591 | ||
| 942 | _m.K46 2011 | ||
| 999 |
_c23594 _d23594 |
||